Statistiques concernant Effectif Manchester United saison 2022/2023

Cliquez ici pour prendre le quiz!

Statistiques générales

  • Ce quiz a été pris 284 fois
    (158 depuis la dernière actualisation)
  • Le résultat moyen est 22 sur 35

Statistiques - réponses

PosteJoueurNuméro% Correct
GardienDavid de Gea1
99%
Défenseur centralRaphäel Varane19
98%
ButeurMarcus Rashford10
96%
Milieu offensifBruno Fernandes8
93%
ButeurAnthony Martial9
92%
Défenseur centralHarry Maguire5
92%
Milieu défensifCasemiro18
88%
Défenseur gaucheLuke Shaw23
88%
Ailier gaucheJadon Sancho25
86%
Défenseur droitAaron Wan-Bissaka29
85%
Défenseur centralLisandro Martínez6
85%
ButeurCristiano Ronaldo7
84%
CoachErik ten Hag-
84%
Milieu défensifScott McTominay39
81%
Ailier droitAntony21
80%
Défenseur droitDiogo Dalot20
80%
Milieu centralFred17
80%
Défenseur centralVictor Lindelöf2
78%
Défenseur gaucheTyrell Malacia12
76%
Ailier gaucheAlejandro Garnacho49
74%
Milieu offensifChristian Eriksen14
68%
Ailier droitAnthony Elanga36
58%
Milieu centralDonny van de Beek34
54%
Défenseur centralPhil Jones4
50%
GardienTom Heaton22
47%
GardienMartin Dubravka31
40%
Ailier droitMason Greenwood11
38%
Défenseur gaucheBrandon Williams15
37%
Ailier droitFacundo Pellistri28
34%
Défenseur centralTeden Mengi71
19%
Milieu centralZidan Iqbal73
18%
Ailier gaucheShola Shoretire47
15%
ButeurCharlie Mcneill56
5%
GardienRadek Vitek50
4%
Défenseur droitTyler Fredricson89
2%

Distribution des résultats

Percentile par nombre de réponses

% des personnes avec chaque résultat

Votre développement - résultats

Vous n’avez pas pris ce quiz depuis la dernière actualisation